000 00797nam a2200241Ia 4500
003 OSt
005 20220923224225.0
006 a|||||r|||| 00| 0
007 ta
008 220922b |||||||| |||| 00| 0 hin d
024 _a229,548
037 _cTextual
040 _aARTS
_cARTS
_bhin
041 _2hin
_ahin
082 _aO142,3M60x, 152P3
100 _aराज कुमार राकेश, अनु.
_9162127
245 0 _aअंतोन चेखव कहानियां
246 _aAanton chekhav kahāniyāan
260 _aपंचकूला
_b आधार प्रकाशन
_c2003
300 _a151पृ.
_ccm.
942 _hO142,3M60x, 152P3
_cTEXL
_2CC
999 _c370079
_d370079